000 01928cam a22001934a 4500
005 20250605164341.0
008 250528s ||||||||||||||||||||||||d
035 _a23620
040 _aGR-AtMCL
_bgre
_dGR-AtMCL
_eAACR2
245 1 _aΗ Στάση των Επιχειρήσεων της Ελληνικής Αγοράς Απέναντι στην Εκπαίδευση του Προσωπικού τους κατά τη Διάρκεια της Οικονομικής Κρίσης στην Ελλάδα
260 _c2017
300 _a154
520 _aΕισαγωγή, Οικονομική Κρίση - Παγκόσμια και Ελληνική, Παγκόσμια Οικονομική Κρίση, Ελληνική Οικονομική Κρίση, Στρατηγική, Τι Είναι Στρατηγική, Επιχειρηματική Στρατηγική, Η Αναγκαιότητα της Στρατηγικής, Ανάπτυξη Στρατηγικών Τομέων σε Περίοδο Ύφεσης, Διοίκηση Ανθρωπίνων Πόρων, Τι Είναι Διαχείριση Ανθρώπινου Δυναμικού, Η Σημασία της Διοίκηση Ανθρωπίνων Πόρων, Τομείς της Διοίκηση Ανθρωπίνων Πόρων, Εκπαίδευση Ανθρώπινου, Δυναμικού, Η Έννοια της Εκπαίδευσης, Η Αναγκαιότητα της Εκπαίδευσης, Εκπαιδευτικός Προγραμματισμός, Διαχείριση Ανθρώπινου Δυναμικού και Οικονομική Ύφεση, Απώλυση Προσωπικού, Διατήρηση Στελςεχών - Ταλέντων, Έρευνα, Συμπεράσματα, Επίλογος.
700 1 _aΜαρκάκη Ευαγγελία
_95539
700 1 _aΤσιαμπαλή Ελένη
_99210
942 _cDS
999 _c8620
_d8620